Statistics for 2016 MLB Postseason

Click here to take the quiz!

General Stats

  • This quiz has been taken 352 times
  • The average score is 9 of 10

Answers on the Map

Answers color-coded by a green-red scale on the quiz's map according to % correct below.
 

Answer Stats

Team% Correct
Chicago Cubs
97%
Cleveland Indians
95%
Los Angeles Dodgers
94%
Boston Red Sox
90%
New York Mets
86%
Toronto Blue Jays
85%
San Francisco Giants
83%
Texas Rangers
82%
Washington Nationals
78%
Baltimore Orioles
71%

Score Distribution

Percentile by Number Answered

Percent of People with Each Score

Your Score History

You have not taken this quiz